La agricultura del futuro... / (Record no. 44445)

MARC details
000 -LEADER
campo de control de longitud fija 00774nam a2200229 i 4500
001 - NÚMERO DE CONTROL
campo de control 44445
003 - IDENTIFICADOR DE NÚMERO DE CONTROL
campo de control ES-MaACL
005 - FECHA Y HORA DE LA ÚLTIMA TRANSACCIÓN
campo de control 20250927103226.0
007 - CAMPO FIJO DE DESCRIPCIÓN FÍSICA--INFORMACIÓN GENERAL
campo de control de longitud fija t|
008 - DATOS DE LONGITUD FIJA--INFORMACIÓN GENERAL
campo de control de longitud fija 030321s1973 sp ||||1| spa d
100 1# - ENTRADA PRINCIPAL--NOMBRE DE PERSONA
Nombre de persona Clement, J. M.
9 (RLIN) 39181
245 13 - MENCIÓN DEL TÍTULO
Título La agricultura del futuro... /
Mención de responsabilidad, etc. por J.M. Clement y J. Ferrán Lamich ; epílogo de D. Pagés Raventos ; prólogo de: Pierre Deffontaines.
250 ## - MENCION DE EDICION
Mención de edición [1ª ed.].
260 ## - PUBLICACIÓN, DISTRIBUCIÓN, ETC.
Lugar de publicación, distribución, etc. Barcelona :
Nombre del editor, distribuidor, etc. GEA,
Fecha de publicación, distribución, etc. 1973.
300 ## - DESCRIPCIÓN FÍSICA
Extensión 207 p. :
Otras características físicas il. ;
Dimensiones 22 cm.
650 07 - PUNTO DE ACCESO ADICIONAL DE MATERIA--TÉRMINO DE MATERIA
Término de materia o nombre geográfico como elemento de entrada Agricultura
Fuente del encabezamiento o término embne
9 (RLIN) 9670
700 1# - ENTRADA AGREGADA--NOMBRE PERSONAL
Nombre de persona Ferrán Lamich, José.
9 (RLIN) 50246
700 1# - ENTRADA AGREGADA--NOMBRE PERSONAL
Nombre de persona Pagés Raventós, Daniel.
9 (RLIN) 88289
700 1# - ENTRADA AGREGADA--NOMBRE PERSONAL
Nombre de persona Deffontaines, Pierre,
Fechas asociadas al nombre 1894-1978
9 (RLIN) 43201
852 ## - LOCALIZACIÓN
Ubicación ES-MaACL
Número de control de estantería C-52369
Sublocalización o colección R.85880
Holdings
Estatus retirado Estado de pérdida Estado de daño No para préstamo Biblioteca de origen Biblioteca actual Ubicación en estantería Fecha de adquisición Fuente de adquisición Total de préstamos Signatura topográfica completa Código de barras Visto por última vez Precio de reemplazo Tipo de ítem Koha
        Biblioteca del Ateneo de Madrid Biblioteca del Ateneo de Madrid Depósito 2 17/01/2008     C-52369 1046774 23/02/2023 23/02/2023 Libro impreso